GIS Technology Applications in Environmental and Earth Sciences / (Record no. 616540)

000 -LEADER
fixed length control field 00475nam a22001697a 4500
003 - CONTROL NUMBER IDENTIFIER
control field NUST
005 - DATE AND TIME OF LATEST TRANSACTION
control field 20260306110918.0
008 - FIXED-LENGTH DATA ELEMENTS--GENERAL INFORMATION
fixed length control field 260306b ||||| |||| 00| 0 eng d
020 ## - INTERNATIONAL STANDARD BOOK NUMBER
International Standard Book Number 978-1498776059
082 ## - DEWEY DECIMAL CLASSIFICATION NUMBER
Classification number 550.285
Author Mark BIA
100 ## - MAIN ENTRY--PERSONAL NAME
Personal name Bai Tian.
9 (RLIN) 133593
245 ## - TITLE STATEMENT
Title GIS Technology Applications in Environmental and Earth Sciences /
Statement of responsibility, etc. 1st Edition
260 ## - PUBLICATION, DISTRIBUTION, ETC.
Place of publication, distribution, etc. Boca Rotan:
Name of publisher, distributor, etc. CRC Press,
Date of publication, distribution, etc. 2016.
300 ## - PHYSICAL DESCRIPTION
Extent 244 p ;
Dimensions 36.00
563 ## - BINDING INFORMATION
Binding note Hardcover
942 ## - ADDED ENTRY ELEMENTS (KOHA)
Source of classification or shelving scheme
Koha item type Book
Holdings
Withdrawn status Lost status Source of classification or shelving scheme Damaged status Not for loan Permanent Location Current Location Date acquired Total Checkouts Full call number Barcode Date last seen Price effective from Koha item type
          Institute of Geographical Information Systems (IGIS) Institute of Geographical Information Systems (IGIS) 03/06/2026   550.285 BIA IGIS-107 03/06/2026 03/06/2026 Book
© 2023 Central Library, National University of Sciences and Technology. All Rights Reserved.